أنا ملا لا / (Record no. 137181)

MARC details
000 -LEADER
fixed length control field 00540nam a22001937a 4500
005 - DATE AND TIME OF LATEST TRANSACTION
control field 20251108175552.0
008 - FIXED-LENGTH DATA ELEMENTS--GENERAL INFORMATION
fixed length control field 250721s2014 xx 000 0 ara d
082 14 - DEWEY DECIMAL CLASSIFICATION NUMBER
Classification number 920.72/يوس
100 1# - MAIN ENTRY--PERSONAL NAME
Personal name يوسفزاي، ملالا
245 10 - TITLE STATEMENT
Title أنا ملا لا /
264 1# - PRODUCTION, PUBLICATION, DISTRIBUTION, MANUFACTURE, AND COPYRIGHT NOTICE
Place of production, publication, distribution, manufacture بيروت :
Name of producer, publisher, distributor, manufacturer المركز الثقافي العربي،
Date of production, publication, distribution, manufacture, or copyright notice 2014.
300 ## - PHYSICAL DESCRIPTION
Extent 416ص.
650 17 - SUBJECT ADDED ENTRY--TOPICAL TERM
Topical term or geographic name as entry element التراجم
650 17 - SUBJECT ADDED ENTRY--TOPICAL TERM
Topical term or geographic name as entry element المراه
650 17 - SUBJECT ADDED ENTRY--TOPICAL TERM
Topical term or geographic name as entry element الباكستان
700 1# - ADDED ENTRY--PERSONAL NAME
Personal name لامب، كريسنينا
942 ## - ADDED ENTRY ELEMENTS (KOHA)
Source of classification or shelving scheme Dewey Decimal Classification
Koha item type Books
Holdings
حالة السحب حالة الفقدان مصدر التصنيف حالة التلف غير قابل للإعارة المكتبة الرئيسية المكتبة الحالية موقع الرف تاريخ التزويد الرقم المتسلسل Total Checkouts رقم الإستدعاء الباركود تاريخ آخر ظهور تاريخ الفاتورة نوع المادة (كوها)
    Dewey Decimal Classification     المكتبة المركزية المكتبة المركزية الإعارة 28/07/2025 1681005   920.72/يوس PLD00419809 28/07/2025 28/07/2025 Books
    Dewey Decimal Classification     مكتبة أم قصير والمقابلين العامة مكتبة أم قصير والمقابلين العامة الإعارة 31/07/2018 1681008   920.72/يوس PLD00425822 28/07/2025 31/07/2018 Books
    Dewey Decimal Classification     مكتبة الاميرة بديعة مكتبة الاميرة بديعة الإعارة 31/07/2018 1681006   920.72/يوس PLD00425820 28/07/2025 31/07/2018 Books
    Dewey Decimal Classification     مكتبة بيت السينما مكتبة بيت السينما الإعارة 27/09/2018 1689207   920.72/يوس PLD00434523 28/07/2025 27/09/2018 Books
    Dewey Decimal Classification     مكتبة صويلح العامة مكتبة صويلح العامة الإعارة 31/07/2018 1681009   920.72/يوس PLD00425823 28/07/2025 31/07/2018 Books
Implemented & Customized by: BBB with SCIT (Smart Chains for Information Technology)

Powered by Koha